The Power of Your Subconscious Mind (Record no. 12013)
[ view plain ]
| 000 -LEADER | |
|---|---|
| fixed length control field | 00382nam a22001577a 4500 |
| 003 - CONTROL NUMBER IDENTIFIER | |
| control field | OSt |
| 008 - FIXED-LENGTH DATA ELEMENTS--GENERAL INFORMATION | |
| fixed length control field | 230510b |||||||| |||| 00| 0 eng d |
| 020 ## - INTERNATIONAL STANDARD BOOK NUMBER | |
| International Standard Book Number | 9788183225007 |
| 082 ## - DEWEY DECIMAL CLASSIFICATION NUMBER | |
| Classification number | 154.2 MUT |
| 100 ## - MAIN ENTRY--PERSONAL NAME | |
| Personal name | MURPHY,Joseph |
| 245 ## - TITLE STATEMENT | |
| Title | The Power of Your Subconscious Mind |
| 260 ## - PUBLICATION, DISTRIBUTION, ETC. (IMPRINT) | |
| Place of publication, distribution, etc | New Delhi |
| Name of publisher, distributor, etc | Ourates |
| Date of publication, distribution, etc | 2017 |
| 300 ## - PHYSICAL DESCRIPTION | |
| Extent | 224 |
| 650 ## - SUBJECT ADDED ENTRY--TOPICAL TERM | |
| Topical term or geographic name as entry element | Decentralization |
| 942 ## - ADDED ENTRY ELEMENTS (KOHA) | |
| Source of classification or shelving scheme | Dewey Decimal Classification |
| Koha item type | Reference Books |
| Withdrawn status | Lost status | Source of classification or shelving scheme | Damaged status | Not for loan | Collection code | Home library | Current library | Date acquired | Source of acquisition | Currency | Cost, normal purchase price | Bill Number | Total Checkouts | Full call number | Acc. no. / Barcode | Date last seen | Date last borrowed | Actual Cost, discounted price | Bill Date | Koha item type | Public note | Checked out |
|---|---|---|---|---|---|---|---|---|---|---|---|---|---|---|---|---|---|---|---|---|---|---|
| Dewey Decimal Classification | GENERAL | PIET C-LIBRARY | PIET C-LIBRARY | 15/03/2023 | Waheguru Stationers | IN RUPEES | 120.00 | 217 | 4 | 154.2 MUP | 34928 | 26/02/2026 | 18/02/2026 | 120.00 | 15/03/2023 | Text Books | Decentralization | |||||
| Dewey Decimal Classification | GENERAL | PIET C-LIBRARY | PIET C-LIBRARY | 15/02/2024 | Zafaa Books and Distributors | In rupees | 250.00 | ZBD0375 | 154.2 MUT | 35546 | 24/02/2024 | 175.00 | 15/02/2024 | Reference Books | ||||||||
| Dewey Decimal Classification | GENERAL | PIET C-LIBRARY | PIET C-LIBRARY | 15/02/2024 | Zafaa Books and Distributors | In rupees | 250.00 | ZBD0375 | 3 | 154.2 MUT | 35547 | 24/07/2024 | 24/07/2024 | 175.00 | 15/02/2024 | Text Books | 10/02/2025 |